الصوت المنفرد ومقالات في القصة القصيرةthe lonely voice / (رقم التسجيلة. 81026)

تفاصيل مارك
000 -LEADER
fixed length control field 00679nam a22002057a 4500
005 - DATE AND TIME OF LATEST TRANSACTION
control field 20251108172513.0
008 - FIXED-LENGTH DATA ELEMENTS--GENERAL INFORMATION
fixed length control field 250721s9999 xx 000 0 ara d
082 14 - DEWEY DECIMAL CLASSIFICATION NUMBER
Classification number 823.009/أوك
100 1# - MAIN ENTRY--PERSONAL NAME
Personal name اوكونور، فرانك
245 10 - TITLE STATEMENT
Title الصوت المنفرد ومقالات في القصة القصيرةthe lonely voice /
264 1# - PRODUCTION, PUBLICATION, DISTRIBUTION, MANUFACTURE, AND COPYRIGHT NOTICE
Place of production, publication, distribution, manufacture القاهرة :
Name of producer, publisher, distributor, manufacturer الهيئة المصرية العامة،
300 ## - PHYSICAL DESCRIPTION
Extent 231ص. اوك
650 17 - SUBJECT ADDED ENTRY--TOPICAL TERM
Topical term or geographic name as entry element الأدب العالمي
650 17 - SUBJECT ADDED ENTRY--TOPICAL TERM
Topical term or geographic name as entry element الأدب الإنجليزي
650 17 - SUBJECT ADDED ENTRY--TOPICAL TERM
Topical term or geographic name as entry element النقد
650 17 - SUBJECT ADDED ENTRY--TOPICAL TERM
Topical term or geographic name as entry element النقدالأدبي
700 1# - ADDED ENTRY--PERSONAL NAME
Personal name ربيعي، محمود
Relator term مترجم
942 ## - ADDED ENTRY ELEMENTS (KOHA)
Source of classification or shelving scheme Dewey Decimal Classification
Koha item type كتب
المقتنيات
حالة السحب حالة الفقدان مصدر التصنيف حالة التلف غير قابل للإعارة المكتبة الرئيسية المكتبة الحالية موقع الرف تاريخ التزويد الرقم المتسلسل Total Checkouts رقم الإستدعاء الباركود تاريخ آخر ظهور تاريخ الفاتورة نوع المادة (كوها)
    Dewey Decimal Classification     المكتبة المركزية المكتبة المركزية الإعارة 28/07/2025 1625591   823.009/أوك PLD00387672 28/07/2025 28/07/2025 كتب
Implemented & Customized by: BBB with SCIT (Smart Chains for Information Technology)

Powered by Koha